000 02139nam a22002537a 4500
003 Uzh_bibl
008 260202b |||||||| |||| 00| 0 ukr d
020 _a978-617-12-4524-2
_c178.00
040 _bукр.
041 _2eng
_aukr
080 _a821(73)
090 _a821(73)
_bЖ 52
100 _aЖелязни,Роджер
245 _aВолодар світла
_cпер.з англ.Д.Дьоміна
_hТекст
260 _aХарків
_bКнижковий Клуб"Клуб Сімейного Дозвілля"
_c2019
300 _a320 с.
_fВ опр.
520 _aКоли Земля загинула, все змінилося. І люди проголосили себе богами. Екіпаж космічного корабля «Зоря Індії» прибуває на планету іншої зіркової системи, де панує незнайоме землянам життя. Майже всіх тубільців було винищено, і екіпаж «Зорі Індії» проголосив себе новими богами цієї далекої планети. Безсмертні, володарі безмежного технічного прогресу, вони мешкають в Місті Небесному, тоді як звичайні люди животіють у бідних середньовічних містах. Але серед богів знаходяться «прометеї», які прагнуть нести вогонь прогресу цим простим, небожественним істотам. Та кожен, хто намагатиметься це зробити, прогніває богів. І не врятується жоден. Окрім тих, хто не втратив у собі людину…
521 _aДля широкого кола читачів
546 _aукр.
650 _aЛітературно-художне видання
653 _aКосмічний корабль
_aПланета
_aТубільці
655 _aФантастика
_vроман
942 _2udc
_cBK
999 _c16661
_d16661